Statistieken voor Landen die eindigen op -land

Klik hier om de quiz te nemen!

Algemene statistieken

  • Deze quiz is 21.349 keer genomen
    (17.449 sinds de laatste reset)
  • De gemiddelde score is 8 van 12

Antwoordstatistieken

Land% Correct
Nederland
93%
Duitsland
84%
Rusland
82%
Finland
74%
Estland
68%
Letland
68%
Ierland
63%
IJsland
62%
Griekenland
60%
Zwitserland
60%
Nieuw-Zeeland
44%
Thailand
35%

Scoreverdeling

Percentiel versus Aantal Correcte Antwoorden

Procent van Mensen met Elke Score

Uw Scoregeschiedenis

U heeft deze quiz nog niet genomen sinds de laatste reset